Blue's big birthday / (Record no. 213739)
[ view plain ]
| 000 -LEADER | |
|---|---|
| fixed length control field | 01561cam a2200421Ia 4500 |
| 001 - CONTROL NUMBER | |
| control field | 662686 |
| 003 - CONTROL NUMBER IDENTIFIER | |
| control field | OCoLC |
| 005 - DATE AND TIME OF LATEST TRANSACTION | |
| control field | 20160921102207.0 |
| 008 - FIXED-LENGTH DATA ELEMENTS--GENERAL INFORMATION | |
| fixed length control field | 980710s1998 nyua j 000 1 eng d |
| 010 ## - LIBRARY OF CONGRESS CONTROL NUMBER | |
| LC control number | 98060083 |
| 020 ## - INTERNATIONAL STANDARD BOOK NUMBER | |
| International Standard Book Number | 0689821514 : |
| Terms of availability | $9.99 |
| 024 10 - OTHER STANDARD IDENTIFIER | |
| Standard number or code | 7671400999 |
| Additional codes following the standard number or code | 82151 |
| 035 ## - SYSTEM CONTROL NUMBER | |
| System control number | AFE-4927 |
| 035 ## - SYSTEM CONTROL NUMBER | |
| System control number | ocm39463503 |
| 040 ## - CATALOGING SOURCE | |
| Original cataloging agency | JDP |
| Transcribing agency | JDP |
| Modifying agency | JED |
| -- | IHI |
| -- | IGA |
| Description conventions | rda |
| 049 ## - LOCAL HOLDINGS (OCLC) | |
| Holding library | IGAA |
| 092 ## - LOCALLY ASSIGNED DEWEY CALL NUMBER (OCLC) | |
| Classification number | E |
| 999 ## - SYSTEM CONTROL NUMBERS (KOHA) | |
| Koha Dewey Subclass [OBSOLETE] | E |
| 100 1# - MAIN ENTRY--PERSONAL NAME | |
| Personal name | Santomero, Angela C. |
| 9 (RLIN) | 48424 |
| 245 10 - TITLE STATEMENT | |
| Title | Blue's big birthday / |
| Statement of responsibility, etc | by Angela C. Santomero ; illustrated by Traci Paige Johnson and Soo Kyung Kim ; [based on the TV series Blue's clues, created by Traci Paige Johnson, Todd Kessler, and Angela C. Santomero, as seen on Nick Jr.] |
| 246 14 - VARYING FORM OF TITLE | |
| Title proper/short title | Come to Blue's big birthday |
| 250 ## - EDITION STATEMENT | |
| Edition statement | 1st ed. |
| 260 ## - PUBLICATION, DISTRIBUTION, ETC. (IMPRINT) | |
| Place of publication, distribution, etc | New York : |
| Name of publisher, distributor, etc | Simon Spotlight, |
| Date of publication, distribution, etc | c1998. |
| 264 ## - Production, Publication, Distribution, Manufacture, and Copyright Notice. | |
| Place of production, publication, distribution, manufacture | New York : |
| Name of producer, publisher, distributor, manufacturer | Simon Spotlight, |
| -- | c1998. |
| 300 ## - PHYSICAL DESCRIPTION | |
| Extent | 1 v. (unpaged) : |
| Other physical details | col. ill. ; |
| Dimensions | 24 cm. |
| 336 ## - Content Type | |
| Content type term | book |
| 337 ## - Media type | |
| Media type term | book |
| 338 ## - Carrier type | |
| Carrier type term | book |
| 520 ## - SUMMARY, ETC. | |
| Summary, etc | It's Blue's birthday, and her clues indicate what she would like for a birthday present. |
| 650 #1 - SUBJECT ADDED ENTRY--TOPICAL TERM | |
| Topical term or geographic name as entry element | Dogs |
| General subdivision | Fiction. |
| 9 (RLIN) | 5690005 |
| 650 #1 - SUBJECT ADDED ENTRY--TOPICAL TERM | |
| Topical term or geographic name as entry element | Birthdays |
| General subdivision | Fiction. |
| 9 (RLIN) | 5710935 |
| 700 1# - ADDED ENTRY--PERSONAL NAME | |
| Personal name | Johnson, Traci Paige. |
| 9 (RLIN) | 58540 |
| 700 1# - ADDED ENTRY--PERSONAL NAME | |
| Personal name | Kim, Soo Kyung. |
| 9 (RLIN) | 428 |
| 730 0# - ADDED ENTRY--UNIFORM TITLE | |
| Uniform title | Blue's clues (Television program) |
| 9 (RLIN) | 48421 |
| 942 ## - ADDED ENTRY ELEMENTS (KOHA) | |
| Source of classification or shelving scheme | Dewey Decimal Classification |
| Koha item type | BOOK |
| 949 ## - LOCAL PROCESSING INFORMATION (OCLC) | |
| x | BRO-20040504cust-131 |
| Withdrawn status | Lost status | Source of classification or shelving scheme | Damaged status | Not for loan | Collection code | Home library | Current library | Shelving location | Date acquired | Source of acquisition | Cost, normal purchase price | Total Checkouts | Total Renewals | Full call number | Barcode | Date last seen | Date checked out | Cost, replacement price | Price effective from | Koha item type |
|---|---|---|---|---|---|---|---|---|---|---|---|---|---|---|---|---|---|---|---|---|
| Dewey Decimal Classification | Children Picture Books | Wasatch County Library | Wasatch County Library | Main Floor Childrens Area | 03/05/2014 | Donation | 15.00 | 26 | 7 | E San | 34301001180019 | 03/18/2025 | 02/18/2025 | 15.00 | 03/20/2020 | BOOK |
